MARC

LEADER 00000nam0a2200000 4500
001 323286
005 20231102003545.0
035 |a (RuTPU)RU\TPU\book\348859 
090 |a 323286 
100 |a 20161014d1951 m y0rusy50 ca 
101 0 |a rus 
102 |a RU 
105 |a a z 000zy 
200 1 |a Богатства Земли  |f Ф. Бублейников 
210 |a Москва  |c Молодая гвардия  |d 1951 
215 |a 239 с.  |c ил. 
606 1 |a Месторождения полезных ископаемых  |x Геология  |2 stltpush  |3 (RuTPU)RU\TPU\subj\42231  |9 61918 
610 1 |a недра 
610 1 |a железные руды 
610 1 |a железные рудники 
610 1 |a ископаемые угли 
610 1 |a Русская равнина 
610 1 |a железорудное сырье 
610 1 |a медные месторождения 
610 1 |a серебряное рудообразование 
610 1 |a золото 
610 1 |a Сибирь 
610 1 |a нефтяные месторождения 
610 1 |a горючие газы 
610 1 |a нерудные ископаемые 
610 1 |a строительные горные породы 
675 |a 553  |v 4 
700 1 |a Бублейников  |b Ф. 
801 1 |a RU  |b 63413507  |c 20161014 
801 2 |a RU  |b 63413507  |c 20200723  |g RCR 
942 |c BK